[Rezension von: Verena Villinger / Alfred A. Schmid (Hrsg.), Hans Fries]
Gespeichert in:
| Veröffentlicht in: | Kunstform 3(2002), 11 |
|---|---|
| VerfasserIn: | |
| Dokumenttyp: | Online-Ressource Aufsatz |
| Sprache: | German |
| Veröffentlicht: |
2002
|
| Schlagwörter: | |
| Online Zugang: | kostenfrei |
| Bibliogr. Hinweis: | Enthalten in:
Kunstform Rezension von: Hans Fries, ein Maler an der Zeitenwende |
| Verantwortlich: | rezensiert von Christof Metzger |
| LEADER | 01702caa a2200349 c 4500 | ||
|---|---|---|---|
| 001 | 1920627219 | ||
| 003 | DE-627 | ||
| 005 | 20260419043748.0 | ||
| 007 | cr uuu---uuuuu | ||
| 008 | 250326s2002 xx |||||oo 00| ||ger c | ||
| 035 | |a (DE-627)1920627219 | ||
| 035 | |a (DE-599)KXP1920627219 | ||
| 035 | |a (OCoLC)1533752289 | ||
| 040 | |a DE-627 |b ger |c DE-627 |e rda | ||
| 041 | |a ger | ||
| 084 | |a KUNST |q DE-16 |2 fid | ||
| 100 | 1 | |a Metzger, Christof |d 1968- |e VerfasserIn |0 (DE-588)124077633 |0 (DE-627)085622583 |0 (DE-576)176031596 |4 aut | |
| 245 | 1 | 0 | |a [Rezension von: Verena Villinger / Alfred A. Schmid (Hrsg.), Hans Fries] |c rezensiert von Christof Metzger |
| 264 | 1 | |c 2002 | |
| 300 | |b Illustrationen | ||
| 336 | |a Text |b txt |2 rdacontent | ||
| 337 | |a Computermedien |b c |2 rdamedia | ||
| 338 | |a Online-Ressource |b cr |2 rdacarrier | ||
| 655 | 7 | |a Rezension |0 (DE-588)4049712-4 |0 (DE-627)106186019 |0 (DE-576)209083166 |2 gnd-content | |
| 773 | 0 | 8 | |i Enthalten in |t Kunstform |d München : Ludwig-Maximilians-Universität München, Institut für Kunstgeschichte, 2000 |g 3(2002), 11 |h Online-Ressource |w (DE-627)382929004 |w (DE-600)2140180-9 |w (DE-576)281244731 |x 1618-7199 |7 nnas |
| 773 | 1 | 8 | |g volume:3 |g year:2002 |g number:11 |
| 787 | 0 | 8 | |i Rezension von |t Hans Fries, ein Maler an der Zeitenwende |b Lizenzausg |d München : Hirmer, 2001 |h 312 S |w (DE-627)344879992 |w (DE-576)095887695 |z 3777494003 |
| 856 | 4 | 0 | |u https://www.arthistoricum.net/kunstform/rezension/ausgabe/2002/11/3033 |x Verlag |z kostenfrei |3 Volltext |7 0 |
| 951 | |a AR | ||
| 994 | |u https://www.arthistoricum.net/themen/rezensionen/kunstform/rezension/ausgabe/2002/11/3033 | ||
| 991 | |a Rezension (Monographie, Zeitschrift, Aufsatz) | ||
| 999 | |a KXP-PPN1920627219 |e 4953859677 | ||


